000 00345nam a2200133Ia 4500
005 20260326100034.0
008 260326s9999||||xx |||||||||||||| ||und||
100 _aTudela, Fernando
245 0 _aEcoDiseño /
_cFernando Tudela
260 _bUniversidad Autónoma Metropolitana
300 _a233 p.
650 _aARQUITECTURA Y CLIMA
942 _cBK
999 _c6713
_d6713